<?xml version="1.0" encoding="UTF-8"?><?xml-stylesheet type="text/xsl" href="static/style.xsl"?><OAI-PMH xmlns="http://www.openarchives.org/OAI/2.0/" xmlns:xsi="http://www.w3.org/2001/XMLSchema-instance" xsi:schemaLocation="http://www.openarchives.org/OAI/2.0/ http://www.openarchives.org/OAI/2.0/OAI-PMH.xsd"><responseDate>2026-05-11T13:08:09Z</responseDate><request verb="GetRecord" identifier="oai:riubu.ubu.es:10259/10087" metadataPrefix="marc">https://riubu.ubu.es/oai/request</request><GetRecord><record><header><identifier>oai:riubu.ubu.es:10259/10087</identifier><datestamp>2025-01-31T01:05:29Z</datestamp><setSpec>com_10259_10076</setSpec><setSpec>com_10259_3989</setSpec><setSpec>com_10259.4_106</setSpec><setSpec>com_10259_2604</setSpec><setSpec>col_10259_10077</setSpec></header><metadata><record xmlns="http://www.loc.gov/MARC21/slim" xmlns:doc="http://www.lyncode.com/xoai" xmlns:xsi="http://www.w3.org/2001/XMLSchema-instance" xmlns:dcterms="http://purl.org/dc/terms/" xsi:schemaLocation="http://www.loc.gov/MARC21/slim http://www.loc.gov/standards/marcxml/schema/MARC21slim.xsd">
<leader>00925njm 22002777a 4500</leader>
<datafield tag="042" ind1=" " ind2=" ">
<subfield code="a">dc</subfield>
</datafield>
<datafield tag="720" ind1=" " ind2=" ">
<subfield code="a">Feder, Jonas</subfield>
<subfield code="e">author</subfield>
</datafield>
<datafield tag="720" ind1=" " ind2=" ">
<subfield code="a">Luciano, Carmen</subfield>
<subfield code="e">author</subfield>
</datafield>
<datafield tag="720" ind1=" " ind2=" ">
<subfield code="a">Ruiz Sánchez, Luis Jorge</subfield>
<subfield code="e">author</subfield>
</datafield>
<datafield tag="260" ind1=" " ind2=" ">
<subfield code="c">2015-12</subfield>
</datafield>
<datafield tag="520" ind1=" " ind2=" ">
<subfield code="a">El presente estudio utiliza un entrenamiento de ejemplares múltiples (MET) para crear la&#xd;
conducta de oyente generalizada en un niño de 4 años y 8 meses diagnosticado con Trastorno&#xd;
del Espectro Autista (TEA). La conducta de oyente generalizada es uno de los primeros&#xd;
repertorios verbales conocidos en niños con desarrollo normalizado, establece la base de&#xd;
conductas verbales más avanzadas y normalmente no se observa en niños con dificultades en&#xd;
el desarrollo como en el TEA. Conociendo como crear uno de los primeros repertorios&#xd;
verbales, en este caso la conducta de oyente generalizada, se podrá dar un paso importante en&#xd;
la mejora de programas terapéuticos para niños con retraso en el desarrollo. El presente&#xd;
estudio se basa en una replicación sistemática de Luciano, Gómez y Rodríguez (2007). Los&#xd;
objetivos del presente estudio fueron entrenar la conducta de oyente usando un entrenamiento&#xd;
con múltiples ejemplos (MET) y medir el impacto de tal entrenamiento en (a) la emergencia&#xd;
de un patrón generalizado de conducta a nivel de oyente y (b) la emergencia de conducta de&#xd;
hablante. Los resultados muestran que se cumplió el primero objetivo, sin embargo, el MET&#xd;
en la conducta de oyente no fue suficiente para generar conducta de hablante. Los resultados&#xd;
y las limitaciones de este estudio son discutidos.</subfield>
</datafield>
<datafield tag="520" ind1=" " ind2=" ">
<subfield code="a">Using Multiple-Exemplar Training (MET) to teach Generalized Listener Behavior in Autism&#xd;
Spectrum Disorder (ASD): A case study. The present study used Multiple Exemplar Training&#xd;
(MET) to create generalized delayed listener behavior in a 4 years and 8 month old child,&#xd;
diagnosed with Autism Spectrum Disorder (ASD). Generalized listener behavior is one of the&#xd;
first verbal repertoires known in normally developing children, the basis of more advanced&#xd;
verbal behavior, and normally absent in children with developmental difficulties like ASD.&#xd;
Knowing how to create one of the first verbal repertoires, in this case generalized listener&#xd;
behavior, will be an important step to improve therapy programs for children with&#xd;
developmental delay. MET procedure used in this study was a systematic replication of the&#xd;
first experiment of Luciano, Gómez y Rodríguez (2007). The objectives of the present study&#xd;
were to train delayed listener behavior using multiple-exemplar training (MET) and to&#xd;
measure the impact of such training on (a) the emergence of a pattern of generalized listener&#xd;
behavior and (b) on the emergence of speaker behavior. Results show the first goal but MET&#xd;
on listener behavior was not sufficient for speaker behavior to emerge. Results and&#xd;
limitations of the case-study were discussed.</subfield>
</datafield>
<datafield tag="024" ind2=" " ind1="8">
<subfield code="a">2340-924X</subfield>
</datafield>
<datafield tag="024" ind2=" " ind1="8">
<subfield code="a">http://hdl.handle.net/10259/10087</subfield>
</datafield>
<datafield tag="024" ind2=" " ind1="8">
<subfield code="a">10.30552/ejpad.v3i2.28</subfield>
</datafield>
<datafield tag="024" ind2=" " ind1="8">
<subfield code="a">2340-924X</subfield>
</datafield>
<datafield ind1=" " ind2=" " tag="653">
<subfield code="a">Simetría receptiva</subfield>
</datafield>
<datafield ind1=" " ind2=" " tag="653">
<subfield code="a">Conducta del oyente</subfield>
</datafield>
<datafield ind1=" " ind2=" " tag="653">
<subfield code="a">Trastorno del espectro autista</subfield>
</datafield>
<datafield ind1=" " ind2=" " tag="653">
<subfield code="a">Entrenamiento en múltiples ejemplos</subfield>
</datafield>
<datafield ind1=" " ind2=" " tag="653">
<subfield code="a">Receptive symmetry</subfield>
</datafield>
<datafield ind1=" " ind2=" " tag="653">
<subfield code="a">Listener behavior</subfield>
</datafield>
<datafield ind1=" " ind2=" " tag="653">
<subfield code="a">Austin spectrum disorder</subfield>
</datafield>
<datafield ind1=" " ind2=" " tag="653">
<subfield code="a">Multiplexemplar training</subfield>
</datafield>
<datafield tag="245" ind1="0" ind2="0">
<subfield code="a">Entrenamiento en múltiples ejemplos (MET) en la formación de la conducta de oyente generalizada en el Trastorno del Espectro Autista (TEA). Un estudio de caso</subfield>
</datafield>
</record></metadata></record></GetRecord></OAI-PMH>